000 00432nam a2200169 4500
003 SEACOMEC
005 20240607141758.0
008 240607b |||||||| |||| 00| 0 eng d
020 _cRs.170.00
040 _aSEACOMEC
082 _a621.8
_bS525
100 _aShah, J.M
245 1 _aTheory of Machines.
_c J.M Shah, and H.M. Jadvfani.
260 _aDelhi
_bDhanpat Rai & Sons
_c1982
650 _aMechanical Science
942 _cBOOK
999 _c1305
_d1305